<?xml version="1.0" encoding="UTF-8"?>
<collection xmlns="http://www.loc.gov/MARC21/slim">
    <record>
        <controlfield tag="001">56303</controlfield>
        <controlfield tag="005">20170327111924.0</controlfield>
        <datafield tag="024" ind1="8" ind2=" ">
            <subfield code="2">sideral</subfield>
            <subfield code="a">95516</subfield>
        </datafield>
        <datafield tag="037" ind1=" " ind2=" ">
            <subfield code="a">ART-2015-95516</subfield>
        </datafield>
        <datafield tag="041" ind1=" " ind2=" ">
            <subfield code="a">eng</subfield>
        </datafield>
        <datafield tag="100" ind1=" " ind2=" ">
            <subfield code="0">(orcid)0000-0002-8921-910X</subfield>
            <subfield code="a">Dafni, Theopisti</subfield>
            <subfield code="u">Universidad de Zaragoza</subfield>
        </datafield>
        <datafield tag="245" ind1=" " ind2=" ">
            <subfield code="a">The latest results from CAST and the IAXO project</subfield>
        </datafield>
        <datafield tag="260" ind1=" " ind2=" ">
            <subfield code="c">2015</subfield>
        </datafield>
        <datafield tag="506" ind1="0" ind2=" ">
            <subfield code="a">Access copy available to the general public</subfield>
            <subfield code="f">Unrestricted</subfield>
        </datafield>
        <datafield tag="520" ind1="3" ind2=" ">
            <subfield code="a">The CAST experiment has been the most sensitive helioscope so far. It has extended its sensitivity to the upper bounds of axion masses allowed by cosmology, entering well into the QCD-axion band. The preliminary analysis of the data taken with sensitivity to axion masses of the range 0.64 eV to 1.17 eV show no excess of signal above background and the coupling constant is restricted to ga¿ &lt; 3.3 × 10-10 GeV-1 . While CAST continues with the aim to improve its results in the vacuum phase, IAXO is the new project proposed to build a dedicated magnet for axion searches that will supersede CAST’s sensitivity by one order of magnitude in ga¿.</subfield>
        </datafield>
        <datafield tag="540" ind1=" " ind2=" ">
            <subfield code="9">info:eu-repo/semantics/openAccess</subfield>
            <subfield code="a">by-nc-sa</subfield>
            <subfield code="u">http://creativecommons.org/licenses/by-nc-sa/3.0/es/</subfield>
        </datafield>
        <datafield tag="655" ind1=" " ind2="4">
            <subfield code="a">info:eu-repo/semantics/article</subfield>
            <subfield code="v">info:eu-repo/semantics/publishedVersion</subfield>
        </datafield>
        <datafield tag="710" ind1="2" ind2=" ">
            <subfield code="1">2004</subfield>
            <subfield code="2">390</subfield>
            <subfield code="a">Universidad de Zaragoza</subfield>
            <subfield code="b">Departamento de Física Teórica</subfield>
            <subfield code="c">Física Atómica, Molecular y Nuclear</subfield>
        </datafield>
        <datafield tag="773" ind1=" " ind2=" ">
            <subfield code="g">EPS-HEP 2013 (2015), [7 PP.]</subfield>
            <subfield code="p">Pos proc. sci.</subfield>
            <subfield code="t">Pos proceedings of science</subfield>
            <subfield code="x">1824-8039</subfield>
        </datafield>
        <datafield tag="856" ind1="4" ind2="1">
            <subfield code="u">http://pos.sissa.it/cgi-bin/reader/contribution.cgi?id=180/394</subfield>
            <subfield code="z">Texto completo de la revista</subfield>
        </datafield>
        <datafield tag="856" ind1="4" ind2=" ">
            <subfield code="s">223019</subfield>
            <subfield code="u">http://zaguan.unizar.es/record/56303/files/texto_completo.pdf</subfield>
            <subfield code="y">Versión publicada</subfield>
        </datafield>
        <datafield tag="856" ind1="4" ind2=" ">
            <subfield code="s">42544</subfield>
            <subfield code="u">http://zaguan.unizar.es/record/56303/files/texto_completo.jpg?subformat=icon</subfield>
            <subfield code="x">icon</subfield>
            <subfield code="y">Versión publicada</subfield>
        </datafield>
        <datafield tag="909" ind1="C" ind2="O">
            <subfield code="o">oai:zaguan.unizar.es:56303</subfield>
            <subfield code="p">articulos</subfield>
            <subfield code="p">driver</subfield>
        </datafield>
        <datafield tag="951" ind1=" " ind2=" ">
            <subfield code="a">2016-08-16-13:08:17</subfield>
        </datafield>
        <datafield tag="980" ind1=" " ind2=" ">
            <subfield code="a">ARTICLE</subfield>
        </datafield>
    </record>

    
</collection>